LEADER 00801nam0-2200277 --450 001 9910283156403321 005 20180904134814.0 010 $a978-88-575-2917-2 100 $a20180904d2015----kmuy0itay5050 ba 101 0 $aita 102 $aIT 105 $a 001yy 200 1 $aAntropocentrismo e post-umano$euna gerarchia in bilico$fa cura di Bruno Accarino 210 $aMilano$aUdine$cMimesis$d2015 215 $a196 p.$cill.$d21 cm 225 1 $aMimesis. Eterotopie$v313 610 0 $aAntropocentrismo 676 $a179$v22$zita 702 1$aAccarino,$bBruno 801 0$aIT$bUNINA$gREICAT$2UNIMARC 901 $aBK 912 $a9910283156403321 952 $aCOLLEZ. 2467 (313)$b1375/2018$fFSPBC 959 $aFSPBC 996 $aAntropocentrismo e post-umano$91507752 997 $aUNINA LEADER 01961oam 2200649 450 001 9910703809503321 005 20171213064055.0 035 $a(CKB)5470000002435640 035 $a(OCoLC)812289590 035 $a(EXLCZ)995470000002435640 100 $a20121009d2012 ua 0 101 0 $aeng 135 $aur||||||||||| 181 $ctxt$2rdacontent 182 $cc$2rdamedia 183 $acr$2rdacarrier 200 10$aCross-currents in French defense and U.S. interests /$fby Leo G. Michel 205 $aFirst printing, April 2012. 210 1$aWashington, D.C. :$cNational Defense University Press,$d2012. 215 $a1 online resource ( 37 pages) 225 1 $aStrategic perspectives ;$vno. 10 300 $a"April 2012." 300 $a"Institute for National Strategic Studies." 320 $aIncludes bibliographical references (pages 31-35). 517 3 $aCross-currents in French defense and United States interests 606 $aMilitary policy$2fast 606 $aMilitary relations$2fast 607 $aFrance$xMilitary policy 607 $aUnited States$xMilitary relations$zFrance 607 $aFrance$xMilitary relations$zUnited States 607 $aFrance$xMilitary relations$zLibya 607 $aLibya$2fast 607 $aFrance$2fast 607 $aUnited States$2fast 615 7$aMilitary policy. 615 7$aMilitary relations. 700 $aMichel$b Leo G.$01380958 712 02$aNational Defense University.$bCenter for Strategic Research, 801 0$bDOS 801 1$bDOS 801 2$bDOS 801 2$bOCLCF 801 2$bOCLCO 801 2$bGPO 801 2$bOCLCO 801 2$bNLGGC 801 2$bOCLCO 801 2$bOCL 801 2$bOCLCO 801 2$bCOA 801 2$bOCLCO 801 2$bOCL 801 2$bGPO 906 $aBOOK 912 $a9910703809503321 996 $aCross-currents in French defense and U.S. interests$93457837 997 $aUNINA LEADER 02229nam 2200577 450 001 9910827881303321 005 20230120014624.0 010 $a1-4832-9750-0 035 $a(CKB)3710000000200088 035 $a(EBL)1877129 035 $a(SSID)ssj0001266802 035 $a(PQKBManifestationID)12572728 035 $a(PQKBTitleCode)TC0001266802 035 $a(PQKBWorkID)11253676 035 $a(PQKB)11368957 035 $a(MiAaPQ)EBC1877129 035 $a(EXLCZ)993710000000200088 100 $a20150106h19871987 uy 0 101 0 $aeng 135 $aur|n|---||||| 181 $ctxt 182 $cc 183 $acr 200 00$aFinance 205 $aFirst edition. 210 1$aOxford, England :$cPublished for the Royal Statistical Society and Economic and Social Research Council by Pergamon Press,$d1987. 210 4$dİ1987 215 $a1 online resource (510 p.) 225 1 $aReviews of United Kingdom Statistical Sources ;$vVolume 21 300 $aDescription based upon print version of record. 311 $a1-322-47273-4 311 $a0-08-034780-0 320 $aIncludes bibliographical references and index. 327 $aFinancial data of banks and other institutions / by Kate Phylaktis -- Life assurance and pension funds / by Geraldine Kaye. 330 $aThis volume reviews the publicly available sources of statistical information on finance, covering the UK monetary sector, banks, finance houses, building societies and other financial institutions. It also deals with pensions, life insurance, government statistics and professional and trade associations. 410 0$aReviews of United Kingdom statistical sources ;$vVolume 21. 606 $aFinance$zGreat Britain$xStatistical services 615 0$aFinance$xStatistical services. 676 $a332.0941 676 $a332/.0941 701 0$aPhylaktis$b Kate$0592990 701 0$aKaye$b Geraldine$01610051 712 02$aRoyal Statistical Society (Great Britain) 712 02$aEconomic and Social Research Council (Great Britain) 801 0$bMiAaPQ 801 1$bMiAaPQ 801 2$bMiAaPQ 906 $aBOOK 912 $a9910827881303321 996 $aFinance$93937606 997 $aUNINA